| 000 | 03035nam a2200409 a 4500 | ||
|---|---|---|---|
| 001 | ebr10600408 | ||
| 003 | CaPaEBR | ||
| 006 | m u | ||
| 007 | cr cn||||||||| | ||
| 008 | 100312s2010 enk sb 101 0 eng d | ||
| 010 | _z 2010009558 | ||
| 020 | _z9783039119318 (alk. paper) | ||
| 020 | _z9783039119318 | ||
| 020 | _z9783035300307 (e-book) | ||
| 040 |
_aCaPaEBR _cCaPaEBR |
||
| 035 | _a(OCoLC)814471666 | ||
| 050 | 1 | 4 |
_aD848 _b.M46 2010eb |
| 082 | 0 | 4 |
_a909.82/6 _222 |
| 245 | 0 | 0 |
_aMemories of 1968 _h[electronic resource] : _binternational perspectives / _cIngo Cornils and Sarah Waters (eds). |
| 260 |
_aOxford ; _aNew York : _bPeter Lang, _cc2010. |
||
| 300 | _aix, 386 p. | ||
| 440 | 0 |
_aCultural history and literary imagination, _x1660-6205 ; _vv. 16 |
|
| 500 | _aThe papers collected in this volume are selected from the proceedings of a conference entitled 'Memories of 1968: International Perspectives' that was held at the University of Leeds in 2008. | ||
| 504 | _aIncludes bibliographical references and index. | ||
| 505 | 0 | _aIntroduction: 1968 in memory and place / Sarah Waters -- Revisiting the revolution: 1968 in transnational cultural memory / Martin Klimke -- Memories of 1968 in France: reflections on the 40th anniversary / Daniel A. Gordon -- Hitler's children?: the German 1968 movement in the shadow of the Nazi past / Wolfgang Kraushaar -- Looking back on Italy's 'Long "68"'. Public, private and divided memories / John Foot -- United States of amnesia?: 1968 in the USA / Timothy S. Brown -- Mexico 1968: a crisis of national identity / Claire Brewster -- May 1968: an unclassified affair / Daniel Bensaid -- Transnational memories: 1968 in recent German fiction / Susanne Rinner -- An oral history of memories of 1968 in Italy / Stuart J. Hilwig -- Memory and revisionism: the Chinese cultural revolution on the Internet / Lan Yang -- Utopian moments: memory culture and cultural memory of the German student movement / Ingo Cornils -- Reading Mexico 1968: literature, memory and politics / Irene Fenoglio-Limon -- Have the best ideas stood the test of time?: negotiating the legacy of '1968' in The edukators / Chris Homewood -- 1968 in an Italian province: memory and the everyday life of a new left group in Macerata / Sofia Serenelli-Messenger. | |
| 533 |
_aElectronic reproduction. _bPalo Alto, Calif. : _cebrary, _d2011. _nAvailable via World Wide Web. _nAccess may be limited to ebrary affiliated libraries. |
||
| 650 | 0 |
_aNineteen sixty-eight, A.D. _vCongresses. |
|
| 650 | 0 |
_aNineteen sixty-eight, A.D. _xHistoriography _vCongresses. |
|
| 650 | 0 |
_aSocial change _xHistory _y20th century _vCongresses. |
|
| 650 | 0 |
_aSocial history _y1960-1970 _vCongresses. |
|
| 650 | 0 |
_aCollective memory _vCongresses. |
|
| 655 | 7 |
_aElectronic books. _2local |
|
| 700 | 1 | _aCornils, Ingo. | |
| 700 | 1 |
_aWaters, Sarah, _d1966- |
|
| 710 | 2 | _aebrary, Inc. | |
| 856 | 4 | 0 |
_uhttp://site.ebrary.com/lib/rucke/Doc?id=10600408 _zAn electronic book accessible through the World Wide Web; click to view |
| 999 |
_c214203 _d214203 |
||